Hamza - Carrière - Statistiques

Statistiques générales
  • Ce quiz a été pris 100 fois
  • Le résultat moyen est 63 sur 247
Statistiques - réponses
Hint Réponse % Correct
14 1994
77%
20 Mi Amor
77%
3 DRAGONS (feat. Werenoi)
70%
1 Introduction
70%
1 Life
70%
2 God Bless (feat. Damso)
66%
3 La Sauce
66%
17 Minuit 13 (feat. Christine and the Queens & Oxmo Puccino)
64%
9 Codéine 19
62%
1 | 18 Drifté
62%
6 Drifté - Acapella
62%
2 Drifté - Extended
62%
5 Drifté - Instrumental
62%
7 Drifté - Radio Edit
62%
4 Drifté - Slowed Down
62%
3 Drifté - Sped Up
62%
7 Godzilla
60%
2 KYKY2BONDY
60%
17 Sincèrement
60%
5 COME & SEE ME
58%
2 Juste une Minute
58%
2022 Atasanté (feat. Tiakola)
57%
8 OSCAR DE LA HOYA
57%
4 HS (feat. SCH)
55%
3 Ma Réalité
55%
14 Nocif (feat. Damso)
55%
2 Paradise
55%
10 Henny Me Noie
53%
9 Love
53%
2020 (140 BPM) Netflix
53%
4 SLOVAKIA
53%
15 FOREVER
51%
3 Vibes
51%
13 YESTERDAY
51%
7 Dale x Love Therapy (feat. Aya Nakamura)
49%
13 Murder
49%
3 Validé
49%
4 Au Bout De La Nuit
47%
2 Free YSL
47%
9 Gasolina (feat. Gambi)
47%
2023 (remix) | 6 Sadio (feat. Offset)
47%
11 WWE
47%
12 AFRI
45%
14 DESTINY
45%
16 Slow
45%
9 Addiction
43%
1 ENCORE UNE NUIT
43%
8 Jodeci Mob
43%
7 Tsunami
43%
12 Cuba
42%
2020 (140 BPM) Nobu
42%
7 Oseille
42%
12 Bac +12 (feat. Koba LaD)
40%
5 Mucho Love
40%
10 TOXIC (feat. Rema)
40%
2020 BXL ZOO (feat. Damso)
38%
11 Pasadena
38%
12 Cocoro (feat. CKay)
36%
2022 FADE UP (feat. SCH & ZEG P)
36%
16 I Love U
36%
2 Keke
36%
10 Mi Gyal
36%
1 Bibi Boy Swag
34%
7 LOCATION (feat. Byron Messia)
34%
24 Madonna (feat. A.CHAL)
34%
2022 Maudit (feat. Vald)
34%
2024 Maudit (feat. Werenoi)
34%
12 Monopoly
34%
4 Pas de Remords
34%
6 SMOKIN & DRINKIN
34%
8 Spaghetti (feat. Gazo & Guy2Bezbar)
34%
2020 (140 BPM) Henny Pop
32%
8 Late Nights
32%
7 Mercedes
32%
5 Only U
32%
2020 Pilote (feat. PLK)
32%
4 Tu Me Donne Des Idées
32%
11 50x
30%
2018 Cash [BOF Taxi 5]
30%
19 Clic Clac (feat. 13 Block)
30%
11 Hara-Kiri (feat. Kaaris)
30%
12 Jalousie
30%
8 JOB
30%
10 Slowdown
30%
2024 1h55 (feat. Rsko & Tiakola)
28%
8 Atasanté Part.2 (feat. Tiakola)
28%
2020 DRILL FR 5 (feat. Gazo)
28%
10 Nasa
28%
5 Sometimes
28%
2 Zombie Life
28%
6 Audemars Shit
26%
2017 El Dorado (feat. Ramriddlz)
26%
2016 Ghetto
26%
11 Jon Snow
26%
1 Le Même Sort
26%
11 MEGAN
26%
15 Plus Jamais La Même
26%
16 Respect
26%
6 Cash Time
25%
13 Destiny's Child
25%
14 Gynéco
25%
2024 Lalla (feat. Kore)
25%
2 Minimum
25%
9 Silicone
25%
10 AMG Technology
23%
2 Anh Yeah
23%
12 Blue Crystal
23%
15 Galerie
23%
16 Meilleur
23%
6 Mula
23%
22 Nuages
23%
7 Police Ass N****
23%
1 PTSD
23%
3 Réel (feat. Zed)
23%
10 Shine
23%
2025 SLOPPY TOPPY (feat. Josman)
23%
18 Snakes
23%
1 Belek
21%
2021 Benzo (feat. Leto & Rim'k)
21%
5 Benzo (feat. Young ADZ)
21%
2024 MISS LILY'S (feat. Dinos)
21%
2023 Panama (feat. Kaaris)
21%
13 Por La Vida
21%
2024 TOKA (feat. SDM)
21%
7 Torino
21%
20 Céline
19%
13 Design
19%
2024 En mieux (feat. PLK)
19%
6 Fake Friends
19%
11 Gang
19%
23 Goat
19%
15 Hennessy
19%
11 House (feat. B La B)
19%
2017 Je m'évade
19%
9 Spider
19%
22 Aquafina
17%
3 Broccoli (feat. Dolfa)
17%
4 Cheikh
17%
23 COB
17%
7 Confessions, pt.1
17%
4 Danse Pour Moi
17%
8 Deep Inside
17%
5 Don't Tell (feat. Headie One)
17%
10 Embourgeoisé
17%
3 G's Up Hoes Down
17%
13 Mac & Cheese
17%
2024 Mes Lovés (feat. Ponko)
17%
10 Non Stop
17%
2019 BAD DAYS (feat. Ikaz Boi)
15%
2022 Chrome Hearts (feat. Dinos)
15%
2024 Diana (feat. DJ Snake)
15%
2021 Jota (feat. Niska)
15%
1 Lever Du Soleil
15%
2018 Love Break (feat. The Magician)
15%
8 Pardonne-Moi
15%
2024 PENNY (feat. reezy)
15%
5 Rari (feat. Joke)
15%
11 Vvs
15%
19 Cette maille
13%
2016 Comme des sauvages (feat. Seth Gueko)
13%
2025 DMX (feat. Dinos)
13%
5 Ennemis
13%
18 Feu
13%
6 Mes Entrailles
13%
20 Nuit de Folie
13%
9 Rendez-Vous
13%
15 45
11%
17 Au Top
11%
14 C'est pas cher
11%
2018 Designer
11%
13 Gang Activity
11%
4 Go Back
11%
12 Habibi
11%
3 La Clef
11%
2022 Milli (feat. ASHE 22)
11%
12 Molly Molly
11%
2021 Ouais Ouais (feat. Leto)
11%
24 Riche
11%
2025 RODEO DRIVE (feat. Leto)
11%
1 Suave
11%
2019 Traphouse (feat. Binks Beatz)
11%
2018 Bae (feat. Caballero & JeanJass)
9%
2025 BIG BODY (feat. La Fève & Tarik Azzouz)
9%
2021 Fendi love (feat. Guy2Bezbar)
9%
2017 Hola (feat. Cheu-B)
9%
18 Marley
9%
6 Sans Signes
9%
2023 SOLITAIRE (feat. Prinzly)
9%
2023 Somebody (feat. HD La R)
9%
2022 Van noir (feat. Kalash)
9%
2021 WINDOW SHOPPER PART.2 (feat. Laylow)
9%
9 Wow
9%
21 Yeah Shit
9%
25 Yin Yang
9%
2022 (remix) Baby (feat. Aitch & Ashanti)
8%
2025 BIG TIME (feat. Frenna)
8%
2020 B!tch (feat. Josman)
8%
17 By The Way
8%
2020 Chily Sauce (feat. Chily)
8%
2023 DELLALI (feat. ElGrandeToto)
8%
2023 Djo (feat. Aya Nakamura & Franglish)
8%
2021 Elle m'a dit (feat. Dj Quick & Ninho)
8%
14 Jamais Trop Jeune
8%
2020 Laisse moi (feat. Lous and The Yakuza)
8%
2022 Laisse moi te dire (feat. Tayc) [No Limit]
8%
2023 Lakehouse (feat. Kekra)
8%
2023 Mon BB (feat. Gradur)
8%
5 Sans Fin
8%
21 Stick
8%
4 Vraiment
8%
13 Zeus
8%
2022 ZOUM! (feat. Prinzly)
8%
2023 Elastiqué (feat. HD La R)
6%
2023 Ferragamo (feat. Zkr)
6%
2016 High (feat. Ikaz Boi & Myth Syzer)
6%
2022 I Got You (feat. Headie One)
6%
6 La Nuit Est À Nous
6%
2017 Marquises (feat. disiz)
6%
2021 Mastic (feat. Guy2Bezbar)
6%
2020 Nuit blanche (feat. Rim'k)
6%
2016 One One
6%
8 Ouais C'est Ban
6%
19 Rolling Stone
6%
2022 Safari (feat. Dadju)
6%
2018 Sans toi (feat. Myth Syzer)
6%
2023 SORRY (feat. Guy2Bezbar & Oldpee)
6%
2024 Tentation (feat. Gambi)
6%
2020 Comme jamais (feat. Soolking & Zed)
4%
2021 Goosebumps (feat. Larry)
4%
2019 (remix) Maghreb Gang (feat. Farid Bang, French Montana & Khaled)
4%
2016 No Limit (feat. Alkpote & Butter Bullets)
4%
2022 R8 (feat. Alonzo) [4.4.2]
4%
2020 SIX (feat. CYPH3R)
4%
2021 Slide (feat. Franglish)
4%
2022 A TON AVIS (feat. Oldpee)
2%
9 BOTTEGA VANETA
2%
2016 Hooligan (feat. DTWEEZER)
2%
2018 Jeep (feat. Myth Syzer)
2%
2021 Obscurité (feat. ElGrandeToto)
2%
2019 Space Jam (feat. Bon Gamin)
2%
2018 Vrai love (feat. Ikaz Boi)
2%
2021 Evilous Freestyle
0%
2019 Feloos (feat. Jaegen & Ramriddlz)
0%
2017 Focus (feat. KC Rebell & Summer Cem)
0%
2017 Outta Control (feat. KC Rebell & Summer Cem)
0%
Aucun quiz correspondant
Distribution des résultats
% des personnes avec chaque résultat
Percentile par nombre de réponses
Votre historique - résultats
Vous n’avez pas pris ce quiz